000 00697nam a2200217Ia 4500
003 IN-BaIIA
008 211028s9999 xx 000 0 eng d
040 _cIIA Library
080 _a048.1:52/70-2
245 0 _aAstronomy and astrophysics abstracts
_bvol. 2
_cedited by S. Bohme… [et al.]
260 _aBerlin
_bSpringer-Verlag
_c1970
300 _ax, 516p.
650 _aAbstracts-Astronomy and Astrophysics
_96051
650 _aAstronomy and Astrophysics Abstracts
_96052
650 _aAstronomy and Astrophysics Thesaurus
700 _aBohme, S., ed.
_96427
700 _aFricke, W., ed.
_96053
700 _aGuntzel-Lingner, U., ed.
_96054
700 _aHenn, F., ed.
_96055
942 _cBK
999 _c3622
_d3622